Statistics for Biggest city to province - Easy

Click here to take the quiz!

General Stats

  • This quiz has been taken 18 times
  • The average score is 12 of 15

Answer Stats

HintAnswer% Correct
CataloniaBarcelona
100%
BavariaMunich
100%
Île-de-FranceParis
100%
GuangdongGuangzhou
93%
TexasHouston
93%
West AustraliaPerth
93%
LazioRome
93%
New South-WalesSydney
93%
OntarioToronto
93%
MaharashtraMumbai
86%
HokkaidoSapporo
86%
JaliscoGuadalajara
64%
MerseysideLiverpool
57%
MindanaoDavao
50%
SelangorKuala lumpur
43%

Score Distribution

Percentile by Number Answered

Percent of People with Each Score

Your Score History

You have not taken this quiz